00385 a2200109 4500001001000000005001700010008004100027245009500068100003200163773006300195999001700258ART_1041820260410161848.0260409a 10aEl aprendizaje por la experiencia y la estrategia óptima de producción para la empresa1 aRodríguez, Carlos Alfredo0 tEconómicag- Año XVII, Nº 1 (ene./abr. 1971)wREV7541 c24736d24736